| 000 | 00390nam a22001697a 4500 | ||
|---|---|---|---|
| 005 | 20180221160431.0 | ||
| 008 | 160624b xxu||||| |||| 00| 0 eng d | ||
| 020 | _a81-8318-561-4 | ||
| 041 | _aeng | ||
| 082 |
_b9691 _a174.4 |
||
| 100 |
_aRaj Ritu Parna _91964 |
||
| 245 | _aA Study in Business Ethics | ||
| 260 |
_bHPH _c2007 |
||
| 300 | _a168 | ||
| 650 |
_aManagement _9241 |
||
| 942 | _cBK | ||
| 999 |
_c3773 _d3772 |
||